El individuo y el estado en el islam /

Guardado en:
Autor Principal: Zidan, Abd El Karim
Formato: Libro
Publicado: Líbano : I.i.f.s.o., 1984
Materias:
Etiquetas: Agregar Etiqueta
Sin Etiquetas, Sea el primero en etiquetar este registro!
LEADER 00462nam a22001695a 4500
001 CEM.cems006759
005 20060214000000.0
008 130507s1984##################000#0#####d
003 CEMS
082 0 4 |a 297 
100 1 |a Zidan, Abd El Karim 
245 1 0 |a El individuo y el estado en el islam / 
260 |a Líbano :  |b I.i.f.s.o.,  |c 1984 
300 |a 62 p. 
653 |a Islamismo 
653 |a Religion-sistemas 
859 |a CEMS  |b BIB. CEMS - 11 de abril  |h 297  |i Z63  |p 15094.88  |t Ej.1